| 000 | 00375nam a2200145Ia 4500 | ||
|---|---|---|---|
| 008 | 150201s2012 xx 000 0 und d | ||
| 082 |
_a617.643 _bO2012G |
||
| 100 | _aVANDERSDALL ,GRABERS | ||
| 245 | _aORTHODONTICS : CURRENT PRINCIPLES & TECHNIQUES | ||
| 250 | _a5TH | ||
| 260 |
_bELSEVIER _aDELHI _c2012 |
||
| 300 | _a1-1092 | ||
| 650 | _aORTHODONTICS | ||
| 942 |
_2ddc _cBK _01 |
||
| 999 |
_c4717 _d4717 |
||